Lo femenino /
Si lo masculino es sinónimo de poder, de lo racional y de lo ordenado, lo femenino queda relegado a la carencia. ¿Todo se resuelve en el binario hombre-mujer? Cuestionar esta dicotomía permite no solo emancipar lo femenino de la mera oposición con lo masculino, sino pensar también otras identidades...
Guardado en:
| Autor Principal: | |
|---|---|
| Autores Corporativos: | , |
| Formato: | |
| Publicado: |
Argentina :
Canal Encuentro,
2014.
|
| Series: | Mentira la verdad - Temporada 3
|
| Materias: | |
| Etiquetas: |
Agregar Etiqueta
Sin Etiquetas, Sea el primero en etiquetar este registro!
|
| LEADER | 01343ngm a22003255g 4500 | ||
|---|---|---|---|
| 001 | CEM.cems023339 | ||
| 008 | 130507s2014##################0###0#####d | ||
| 005 | 20250306154704.0 | ||
| 245 | 1 | 0 | |a Lo femenino / |c Darío Sztajnszrajber. |
| 260 | |a Argentina : |b Canal Encuentro, |c 2014. | ||
| 300 | |a 28'. | ||
| 490 | 0 | |a Mentira la verdad - Temporada 3 | |
| 520 | |a Si lo masculino es sinónimo de poder, de lo racional y de lo ordenado, lo femenino queda relegado a la carencia. ¿Todo se resuelve en el binario hombre-mujer? Cuestionar esta dicotomía permite no solo emancipar lo femenino de la mera oposición con lo masculino, sino pensar también otras identidades alternativas, vinculadas al género y ya no a la genitalidad.¦650 | ||
| 590 | |a Identificación anterior registrada en SIABUC: D116C | ||
| 500 | |a Consultar en ventanilla. | ||
| 538 | |a Soporte: DVD - Color: Si - Grabación DRD. | ||
| 100 | 1 | |a Sztajnszrajber, Darío | |
| 710 | 2 | |a Canal Encuentro. | |
| 710 | 2 | |a Mulata films. | |
| 082 | 1 | 0 | |/ SZT-3 |
| 653 | |a FILOSOFIA | ||
| 653 | |a SOCIEDAD | ||
| 653 | |a MENTIRA LA VERDAD | ||
| 653 | |a FEMINISMO | ||
| 653 | |a PODER | ||
| 653 | |a PATRIARCADO | ||
| 653 | |a IGUALDAD DE GENERO | ||
| 653 | |a MACHISMO | ||
| 653 | |a SERIE DE TELEVISIÓN | ||
| 859 | |a CEMS |b BIB. CEMS - Depto. Recursos Didacticos |h 100 |i SZT-3 |k DRD |p 1982.15 |t Ej.1 | ||
